Open Data Biblioteca Nacional de Portugal


República Portuguesa: Ministério da Cultura
Biblioteca Nacional de Portugal

Catálogo da BNP: acesso por Identificadores Unívocos
Registos Bibliográficos associados ao registo de autoridade

Etiqueta de registo: 00254nkm 2200109 450
001 2287716
003 http://id.bnportugal.gov.pt/bib/catbnp/2287716
100 ## $a20260611d1990 am y0pory01030103ba
101 0# $apor
102 ## $aPT
200 1# $aX Torneio Internacional de Andebol "Cidade de Almada", pavilhão D. António da Costa - Almada, Portugal, 9 a 4 de abril de 1990$bVisual gráfico] $fAAC Almada
210 #9 $aAlmada$cAlmada Atlético Clube,$d1990
215 ## $a1 cartaz$ccolor.$d49,4x32,4 cm
675 ## $a766(=1:469)"199"(084.5)$vBN$zpor$3589138
675 ## $a796.32(084.5)$vBN$zpor$3325015
710 12 $aTorneio Internacional de Andebol "Cidade de Almada",$d10,$eAlmada,$f1990$32000351
712 02 $aAlmada Atlético Clube$4557$31365451
801 #0 $aPT$bBN$gRPC
966 ## $lBN$mICONOG$sCT. 17170 V.
971 ## $ctoliveira$d20260611

OpendataBNP@bnportugal.pt | Mais informação sobre acesso aos dados BNP